| 000 | 01212nam0a22002771 4500 | ||
|---|---|---|---|
| 001 | rc\2592334 | ||
| 005 | 20250623124037.0 | ||
| 035 | _a(NLR Aleph) 006756599 | ||
| 090 |
_a5800136 _c5800136 |
||
| 100 | _a20110914d1929 |||y0rusy50 ca | ||
| 101 | 0 | _arus | |
| 102 | _aRU | ||
| 105 | _aa z ||||| | ||
| 200 | 1 |
_aКак организовать и вести работу в сельскохозяйственных кружках _fИ. А. Поспелов |
|
| 210 |
_aМосква _cгос. с.-х. изд-во "Новая деревня" _d1929 _g8-я тип. "Мосполиграф" |
||
| 215 |
_a96 с. _cил. _d21х15 см. |
||
| 225 | 1 | _aВ помощь сельскохозяйственным кружкам | |
| 300 | _aОбложка: Д. Я. П[ыхов] | ||
| 320 | _aБиблиография: "Библиотека "В помощь с.-х. кружку". (13 названий). "Журналы" (4 названия) | ||
| 700 | 1 |
_7ca _8rus _aПоспелов _bИ. А. _cканд. с.-х. наук _gИван Алексеевич _9268797 _3RU\NLR\AUTH\770268853 |
|
| 801 | 0 |
_aRU _bNLR _gpsbo |
|
| 801 | 1 |
_aRU _bELAR _2rusmarc |
|
| 852 |
_aNLR _j30.3/22 |
||
| 942 | _cBOOK | ||
| 980 | _aNB | ||